Mathematical methods in chemical engineering (Record no. 25039)

000 -LEADER
fixed length control field 00548nam a22002051 4500
001 - CONTROL NUMBER
control field 25039
003 - CONTROL NUMBER IDENTIFIER
control field BD-DhUET
008 - FIXED-LENGTH DATA ELEMENTS--GENERAL INFORMATION
fixed length control field 730313s1963 xx 000 0 eng
040 ## - CATALOGING SOURCE
Original cataloging agency DLC
Transcribing agency OClU
Modifying agency BD-DhUET
082 ## - DEWEY DECIMAL CLASSIFICATION NUMBER
Classification number 660.28
Item number JEN/1963
100 ## - MAIN ENTRY--PERSONAL NAME
Personal name Jenson, V. G.
245 10 - TITLE STATEMENT
Title Mathematical methods in chemical engineering
250 ## - EDITION STATEMENT
Edition statement 1st ed.
260 ## - PUBLICATION, DISTRIBUTION, ETC. (IMPRINT)
Place of publication, distribution, etc. London
Name of publisher, distributor, etc. Academic Press
Date of publication, distribution, etc. 1963
300 ## - PHYSICAL DESCRIPTION
Extent xi, 556 p.
Other physical details illus.
Dimensions 24cm.
504 ## - BIBLIOGRAPHY, ETC. NOTE
Bibliography, etc Includes bibliographies
650 #0 - SUBJECT ADDED ENTRY--TOPICAL TERM
Topical term or geographic name as entry element Chemical engineering
700 ## - ADDED ENTRY--PERSONAL NAME
Personal name Jeffreys, G. V.
942 ## - ADDED ENTRY ELEMENTS (KOHA)
Koha item type General Book
Holdings
Koha normalized classification for sorting Damaged status Not for loan Withdrawn status Piece designation (barcode) Price effective from Koha date last seen Copy number Sublocation or collection (holding branch) Date acquired Shelving location Koha item type Koha full call number Lost status Location (home branch) Source of classification or shelving scheme
660_280000000000000_JEN_1963   224382015-05-122015-05-121Central Library, BUET2015-05-12Circulation sectionGeneral Book660.28/JEN/1963 Central Library, BUET 
660_280000000000000_JEN_1963   224402015-05-122015-05-122Central Library, BUET2015-05-12Circulation sectionGeneral Book660.28/JEN/1963 Central Library, BUET 
660_280000000000000_JEN_1963   224342015-05-122015-05-123Central Library, BUET2015-05-12Circulation sectionGeneral Book660.28/JEN/1963 Central Library, BUET 
660_280000000000000_JEN_1963   224322015-05-182015-05-184Central Library, BUET2015-05-18Circulation sectionGeneral Book660.28/JEN/1963 Central Library, BUET 
660_280000000000000_JEN_1963   224352015-05-182015-05-185Central Library, BUET2015-05-18Circulation sectionGeneral Book660.28/JEN/1963 Central Library, BUET 
660_280000000000000_JEN_1963   294502015-05-182015-05-186Central Library, BUET2015-05-18Circulation sectionGeneral Book660.28/JEN/1963 Central Library, BUET 
660_280000000000000_JEN_1963   294492015-05-182015-05-187Central Library, BUET2015-05-18Circulation sectionGeneral Book660.28/JEN/1963 Central Library, BUET 
660_280000000000000_JEN_1963   294482015-05-182015-05-188Central Library, BUET2015-05-18Circulation sectionGeneral Book660.28/JEN/1963 Central Library, BUET 
660_280000000000000_JEN_1963   294572015-05-182015-05-189Central Library, BUET2015-05-18Circulation sectionGeneral Book660.28/JEN/1963 Central Library, BUET 
660_280000000000000_JEN_1963   294542015-05-182015-05-1810Central Library, BUET2015-05-18Circulation sectionGeneral Book660.28/JEN/1963 Central Library, BUET 
660_280000000000000_JEN_1963   294532015-05-182015-05-1811Central Library, BUET2015-05-18Circulation sectionGeneral Book660.28/JEN/1963 Central Library, BUET 
660_280000000000000_JEN_1963   294512015-05-182015-05-1812Central Library, BUET2015-05-18Circulation sectionGeneral Book660.28/JEN/1963 Central Library, BUET 
660_280000000000000_JEN_1963   224312015-05-182015-05-1813Central Library, BUET2015-05-18Circulation sectionGeneral Book660.28/JEN/1963 Central Library, BUET 
660_280000000000000_JEN_1963   294522015-05-182015-05-1814Central Library, BUET2015-05-18Circulation sectionGeneral Book660.28/JEN/1963 Central Library, BUET 
660_280000000000000_JEN_1963   224362015-05-182015-05-1815Central Library, BUET2015-05-18Circulation sectionGeneral Book660.28/JEN/1963 Central Library, BUET 
660_280000000000000_JEN_1963   294562015-06-172015-06-1716Central Library, BUET2015-06-17Reading sectionReading Item660.28/JEN/1963 Central Library, BUET 
660_280000000000000_JEN_1963   29455.2015-06-182015-06-1817Central Library, BUET2015-06-18Reading sectionReading Item660.28/JEN/1963 Central Library, BUET 
660_280000000000000_JEN_1963   224392015-07-102015-07-1018Central Library, BUET2015-07-10Reading sectionReading Item660.28/JEN/1963 Central Library, BUET